Selective intraoperative cholangiography should be considered over routine intraoperative cholangiography during cholecystectomy a systematic review and meta-analysis /

Decades of debate surround the use of intraoperative cholangiography (IOC) during cholecystectomy. To the present day, the role of IOC is controversial as regards decreasing the rate of bile duct injury (BDI). We aimed to review and analyse the available literature on the benefits of IOC during chol...

Teljes leírás

Elmentve itt :
Bibliográfiai részletek
Szerzők: Kovács Norbert
Németh Dávid
Földi Mária
Nagy Bernadette
Bunduc Stefania
Hegyi Péter
Bajor Judit
Müller Katalin Eszter
Vincze Áron
Erőss Bálint Mihály
Ábrahám Szabolcs
Dokumentumtípus: Cikk
Megjelent: 2022
Sorozat:SURGICAL ENDOSCOPY AND OTHER INTERVENTIONAL TECHNIQUES 36 No. 10
Tárgyszavak:
doi:10.1007/s00464-022-09267-x

mtmt:32925017
Online Access:http://publicatio.bibl.u-szeged.hu/24967
LEADER 03015nab a2200349 i 4500
001 publ24967
005 20230707060005.0
008 220829s2022 hu o 0|| Angol d
022 |a 0930-2794 
024 7 |a 10.1007/s00464-022-09267-x  |2 doi 
024 7 |a 32925017  |2 mtmt 
040 |a SZTE Publicatio Repozitórium  |b hun 
041 |a Angol 
100 1 |a Kovács Norbert 
245 1 0 |a Selective intraoperative cholangiography should be considered over routine intraoperative cholangiography during cholecystectomy   |h [elektronikus dokumentum] :  |b a systematic review and meta-analysis /  |c  Kovács Norbert 
260 |c 2022 
300 |a 7126-7139 
490 0 |a SURGICAL ENDOSCOPY AND OTHER INTERVENTIONAL TECHNIQUES  |v 36 No. 10 
520 3 |a Decades of debate surround the use of intraoperative cholangiography (IOC) during cholecystectomy. To the present day, the role of IOC is controversial as regards decreasing the rate of bile duct injury (BDI). We aimed to review and analyse the available literature on the benefits of IOC during cholecystectomy.A systematic literature search was performed until 19 October 2020 in five databases using the following search keys: cholangiogra* and cholecystectomy. The primary outcomes were BDI and retained stone rate. To investigate the differences between the groups (routine IOC vs selective IOC and IOC vs no IOC), we calculated weighted mean differences (WMD) for continuous outcomes and relative risks (RR) for dichotomous outcomes, with 95% confidence intervals (CI).Of the 19,863 articles, 38 were selected and 32 were included in the quantitative synthesis. Routine IOC showed no superiority compared to selective IOC in decreasing BDI (RR = 0.91, 95% CI 0.66; 1.24). Comparing IOC and no IOC, no statistically significant differences were found in the case of BDI, retained stone rate, readmission rate, and length of hospital stay. We found an increased risk of conversion rate to open surgery in the no IOC group (RR = 0.64, CI 0.51; 0.78). The operation time was significantly longer in the IOC group compared to the no IOC group (WMD = 11.25 min, 95% CI 6.57; 15.93).Our findings suggest that IOC may not be indicated in every case, however, the evidence is very uncertain. Further good quality research is required to address this question. 
650 4 |a Klinikai orvostan 
700 0 1 |a Németh Dávid  |e aut 
700 0 1 |a Földi Mária  |e aut 
700 0 1 |a Nagy Bernadette  |e aut 
700 0 1 |a Bunduc Stefania  |e aut 
700 0 1 |a Hegyi Péter  |e aut 
700 0 1 |a Bajor Judit  |e aut 
700 0 1 |a Müller Katalin Eszter  |e aut 
700 0 1 |a Vincze Áron  |e aut 
700 0 1 |a Erőss Bálint Mihály  |e aut 
700 0 1 |a Ábrahám Szabolcs  |e aut 
856 4 0 |u http://publicatio.bibl.u-szeged.hu/24967/3/32925017.pdf  |z Dokumentum-elérés  
856 4 0 |u http://publicatio.bibl.u-szeged.hu/24967/1/KovacsNorbert....AbrahamSzabolcsSelectiveintraoperativecholangiographyshouldbeconsideredoverroutineintraoperativecholangiographyduringcholecystectomy.pdf  |z Dokumentum-elérés